| 000 | 00920nam a2200289Ia 4500 | ||
|---|---|---|---|
| 001 | Para_1117 | ||
| 003 | CHAP | ||
| 008 | 220125s1996 xx 000 0 und d | ||
| 010 | _a199861 | ||
| 040 | _cCHAP | ||
| 090 | _aPA TESIS 1083 | ||
| 100 |
_aGasca Ortega, Alberto _947206 |
||
| 245 |
_aControl quimico de la maleza en perejil (Petroselinum sativum L.), en Chapingo, México / _c por Alberto Gasca Ortega |
||
| 260 |
_aChapingo, Méx. : _b El autor |
||
| 300 | _a53 h. | ||
| 502 | _aTesis (Ing. Agr. Esp. en Parasitología Agrícola), UACh. Depto. Parasitología | ||
| 650 |
_aMalas hierbas _x control _970011 |
||
| 650 |
_aPerejil _987124 |
||
| 710 |
_aUACh. Departamento Parasitología Agrícola _9164025 |
||
| 901 | _aPA TESIS 1083 | ||
| 902 | _aA | ||
| 905 | _a0000001996 i 0000000000 00 | ||
| 910 | _a1996 | ||
| 942 | _cPARA | ||
| 942 |
_cPARA _d1 |
||
| 999 |
_c199861 _d199861 |
||